Visualizzazione normale
Vista MARC
- Oliviero Nino
di Personal Name
Records bibliografici associati: 1
001 - CONTROL NUMBER
- control field: 3535
003 - CONTROL NUMBER IDENTIFIER
- control field: IT-RoPau
005 - DATE AND TIME OF LATEST TRANSACTION
- control field: 20131125160255.0
008 - FIXED-LENGTH DATA ELEMENTS
- fixed length control field: 131125|| aca||aabn | a|a d
040 ## - CATALOGING SOURCE
- Original cataloging agency: IT-RoPau
- Transcribing agency: IT-RoPau
100 ## - HEADING--PERSONAL NAME
- Personal name: Oliviero Nino
- Dates associated with a name: Codice autore musica SPICS: 14018
- Relator term: Autore musica
- Name of part/section of a work: La vita è un paradiso di bugie
670 ## - SOURCE DATA FOUND
- Source citation: Work cat.: (IT-RoPau)100086: AA.VV. 794, San Remo apre le porte